[Event "kings & Sheffield"]
[Site "SchemingMind.com"]
[Date "2010.07.27"]
[Round "-"]
[White "petros"]
[Black "Phillip Beckett"]
[Result "0-1"]
[WhiteCountry "GBR"]
[BlackCountry "ENG"]
[WhiteElo "2281"]
[WhiteRD "70"]
[BlackElo "1698"]
[BlackRD "55"]
[GameID "255743"]

1. e4 c5 2. Nf3 d6 3. d4 cxd4 4. Nxd4 Nf6 5. Nc3 g6 6. Be3 Bg7 7. f3 Nc6 8. Qd2 O-O 9. Bc4 Bd7 10. O-O-O Ne5
11. Bb3 Rc8 12. Kb1 Re8 13. h4 h5 14. g4 hxg4 15. h5 Nxh5 16. Bh6 Bf6 17. Qg2 Rxc3 18. bxc3 a5 19. f4 a4 20. fxe5 Bxe5
21. Bxa4 Bxa4 22. Qxg4 Bd7 23. Qf3 Nf6 24. Rh4 Qb6+ 25. Nb3 Rc8 26. Bd2 Qc6 27. Rdh1 Bf5 28. Re1 Nd7 29. Reh1 Be6 30. Qg2 Nf8
31. Rh5 b5 32. a3 Ra8 33. Kb2 Qa6 34. Ra1 Nd7 35. Rh6 Bg7 36. Rhh1 Ne5 37. Qh2 Nc4+ 38. Kb1 Nxd2+ 39. Qxd2 Bxb3 40. cxb3 b4
41. Qc2 bxc3 42. a4 e6 43. Ka2 d5 44. Rh3 Qc6 45. exd5 exd5 46. Rah1 f5 47. Rg3 d4 48. Rhg1 Qd5 49. Kb1 Kf8 50. Rd3 Qf7
51. Qd1 Ra6 52. Rh3 Qb7 53. Kc2 Rb6
0-1

[Event "kings & Sheffield"]
[Site "SchemingMind.com"]
[Date "2010.07.27"]
[Round "-"]
[White "Phillip Beckett"]
[Black "petros"]
[Result "1/2-1/2"]
[WhiteCountry "ENG"]
[BlackCountry "GBR"]
[WhiteElo "1656"]
[WhiteRD "57"]
[BlackElo "2320"]
[BlackRD "70"]
[GameID "255744"]

1. e4 c5 2. Nf3 d6 3. d4 cxd4 4. Nxd4 Nf6 5. Nc3 a6 6. Be2 e5 7. Nb3 Be7 8. O-O O-O 9. Be3 Be6 10. Qd2 Nbd7
11. a4 Rc8 12. a5 Qc7 13. Rfd1 Rfd8 14. Qe1 Nc5 15. Nxc5 dxc5 16. Rxd8+ Rxd8 17. f3 c4 18. Na4 Qc6 19. Kh1 h6 20. Nb6 Bc5
21. Bxc5 Qxc5 22. c3 Rd6 23. Qf1 Nh5 24. Nxc4 Bxc4 25. Bxc4 Rd2 26. b4 Qe3 27. Ra2 Qxc3 28. Rxd2 Qxd2 29. Bd5 Qxb4 30. Qc1 g6
31. h3 Qe7 32. Qc8+ Kh7 33. Qxb7=
1/2-1/2

[Event "kings & Sheffield"]
[Site "SchemingMind.com"]
[Date "2010.07.27"]
[Round "-"]
[White "yoponz"]
[Black "Phillip Beckett"]
[Result "0-1"]
[WhiteCountry "ENG"]
[BlackCountry "ENG"]
[WhiteElo "1426"]
[WhiteRD "79"]
[BlackElo "1698"]
[BlackRD "55"]
[GameID "255770"]

1. e4 c5 2. c3 d6 3. d4 cxd4 4. cxd4 g6 5. Nc3 Bg7 6. Nf3 Nf6 7. e5 dxe5 8. dxe5 Qxd1+ 9. Kxd1 Ng4 10. Ne4 O-O
11. Bf4 Nc6 12. h3 Ngxe5 13. Bb5 Rd8+ 14. Ke1 Nxf3+ 15. gxf3 Bf5 16. b3 a6 17. Bxc6 bxc6 18. Rc1 a5 19. Rxc6 Rd3 20. Ke2 Rad8
21. Rc7 e5 22. Bg5 f6 23. Bh4 g5 24. Bg3 Bxe4 25. fxe4 Rd2+ 26. Ke3 R8d3#
0-1

[Event "kings & Sheffield"]
[Site "SchemingMind.com"]
[Date "2010.07.27"]
[Round "-"]
[White "yoponz"]
[Black "petros"]
[Result "0-1"]
[WhiteCountry "ENG"]
[BlackCountry "GBR"]
[WhiteElo "1426"]
[WhiteRD "79"]
[BlackElo "2281"]
[BlackRD "70"]
[GameID "255771"]

1. e4 c5 2. Nc3 e6 3. Bc4 Nc6 4. Nf3 d6 5. d3 Nf6 6. Bf4 Be7 7. e5 dxe5 8. Nxe5 Nd4 9. O-O Nd5 10. Nxd5 exd5
11. Bb5+ Nxb5 12. Re1 O-O 13. Be3 d4 14. Bf4 Nd6 15. c3 dxc3 16. bxc3 Be6 17. d4 cxd4 18. cxd4 Nf5 19. Be3 Nxe3 20. Rxe3 Qd5
21. Rc3 Bf6 22. Rc5 Qe4 23. d5 Qxe5 24. Rac1 b6 25. Rb5 Bf5 26. Rcb1 Bxb1 27. Qxb1 Rfd8 28. Qd1 Rac8 29. Qd2 Qa1+
0-1

[Event "kings & Sheffield"]
[Site "SchemingMind.com"]
[Date "2010.07.30"]
[Round "-"]
[White "Phillip Beckett"]
[Black "yoponz"]
[Result "1-0"]
[WhiteCountry "ENG"]
[BlackCountry "ENG"]
[WhiteElo "1698"]
[WhiteRD "55"]
[BlackElo "1426"]
[BlackRD "79"]
[GameID "255772"]

1. e4 e5 2. Nf3 Nc6 3. Bb5 Nf6 4. d3 d6 5. h3 a6 6. Ba4 Be6 7. O-O d5 8. Nxe5 b5 9. Nxc6 Qd7 10. Ne5 Qd6
11. Bf4 g5 12. Nxf7 Qxf4 13. g3 Bg4 14. Qe1 Qf3 15. Ne5 Qd1 16. Qa5 Qe2 17. Bxb5+ Ke7 18. Qxc7+ Ke6 19. exd5+ Kxd5 20. Nc3+ Ke6
21. Nxe2 Bxh3 22. Nd4+ Kd5 23. Qc4+ Kxe5 24. Rfe1+ Kd6 25. Qc6#
1-0

[Event "kings & Sheffield"]
[Site "SchemingMind.com"]
[Date "2010.07.30"]
[Round "-"]
[White "petros"]
[Black "yoponz"]
[Result "1-0"]
[WhiteCountry "GBR"]
[BlackCountry "ENG"]
[WhiteElo "2281"]
[WhiteRD "70"]
[BlackElo "1426"]
[BlackRD "79"]
[GameID "255773"]

1. d4 d5 2. c4 dxc4 3. Nf3 Nf6 4. e3 Nc6 5. Bxc4 Ne4 6. Qc2 Bf5 7. Nbd2 Nxd2 8. Bxf7+ Kxf7 9. Ng5+ Ke8 10. Qxf5 g6
11. Qf7+ Kd7 12. d5 Nb4 13. Bxd2 Nc2+ 14. Ke2 Nxa1 15. Qe6+ Ke8 16. Rxa1 Bh6 17. Nf7 Qd7 18. Nxh8 Qxe6 19. dxe6 Rd8 20. Nf7 Rxd2+
21. Kxd2 Bg7 22. Kc2 c6 23. Rd1 b5 24. Rd8#
1-0

[Event "kings & Sheffield"]
[Site "SchemingMind.com"]
[Date "2010.07.28"]
[Round "-"]
[White "tom claxton"]
[Black "Phillip Beckett"]
[Result "0-1"]
[WhiteCountry "ENG"]
[BlackCountry "ENG"]
[WhiteElo "1223"]
[WhiteRD "125"]
[BlackElo "1656"]
[BlackRD "57"]
[GameID "255821"]

1. e4 c5 2. d3 g6 3. Nf3 d6 4. Nc3 Nf6 5. Bd2 Bg7 6. Qe2 Nc6 7. O-O-O O-O 8. Nd5 Nxd5 9. exd5 Nd4 10. Nxd4 Bxd4
11. g3 Bg7 12. Bc3 Bxc3 13. bxc3 Qa5 14. Qxe7 Qxa2 15. Qxd6 Bg4 16. Re1 Bf3 17. Rg1 Bxd5 18. Qxc5 Rac8 19. Qd4 Rfd8 20. Kd2 Bb3
21. Qf4 Qxc2+ 22. Ke3 Re8+ 23. Kf3 Rxe1 24. Kg2 Bd5+ 25. Kh3 Be6+ 26. g4 h5 27. f3 hxg4+ 28. fxg4 Qc1 29. Qxc1 Rxc1 30. Kh4 R8xc3
31. Rh1 Rxd3 32. Bg2 Rxh1 33. Bxh1 Rd4 34. Kg5 Kg7 35. h3 f6+ 36. Kh4 Rd3 37. Be4 g5+ 38. Kh5 Rxh3#
0-1

[Event "kings & Sheffield"]
[Site "SchemingMind.com"]
[Date "2010.07.28"]
[Round "-"]
[White "tom claxton"]
[Black "petros"]
[Result "0-1"]
[WhiteCountry "ENG"]
[BlackCountry "GBR"]
[WhiteElo "1223"]
[WhiteRD "125"]
[BlackElo "2320"]
[BlackRD "70"]
[GameID "255822"]

1. e4 c5 2. Nf3 d6 3. Bb5+ Bd7 4. Nc3 Bxb5 5. Nxb5 Nf6 6. d3 a6 7. Nc3 g6 8. Bd2 Bg7 9. Nd5 Nxd5 10. exd5 Nd7
11. O-O O-O 12. Qe2 Re8 13. Bg5 b5 14. c4 Rb8 15. Rae1 bxc4 16. dxc4 Rxb2 17. Qxe7 Rxe7 18. Bxe7 Qb6 19. a3 Ne5 20. Nd2 Rxd2
21. Rd1 Rxd1 22. Rxd1 Qb3 23. Re1 Nd3 24. Rf1 Bd4 25. Bxd6 Nxf2 26. Bg3 Ne4+ 27. Bf2 Nxf2 28. h3 Qg3 29. d6 Ng4+ 30. Rf2 Qxf2+
31. Kh1 Qg1#
0-1

[Event "kings & Sheffield"]
[Site "SchemingMind.com"]
[Date "2010.07.30"]
[Round "-"]
[White "tom claxton"]
[Black "yoponz"]
[Result "1-0"]
[WhiteCountry "ENG"]
[BlackCountry "ENG"]
[WhiteElo "1386"]
[WhiteRD "68"]
[BlackElo "1450"]
[BlackRD "73"]
[GameID "255823"]

1. g3 e5 2. Bg2 d5 3. e3 e4 4. Ne2 Nf6 5. Nbc3 Bc5 6. O-O Nc6 7. d3 exd3 8. cxd3 O-O 9. e4 d4 10. Nd5 Nxd5
11. exd5 Bf5 12. dxc6 bxc6 13. Bxc6 Rb8 14. a3 Qd6 15. Be4 Bxe4 16. dxe4 Rfe8 17. Qd3 g6 18. Bf4 Qb6 19. Rab1 Rbd8 20. b4 Bd6
21. Nxd4 Bxf4 22. gxf4 f5 23. Qc4+ Kg7 24. exf5 gxf5 25. Nxf5+ Kf6 26. Ng7 Kxg7 27. Rb3 Rf8 28. Rg3+ Kh8 29. Qc3+ Qf6 30. Qxf6+ Rxf6
31. Rg4 h5 32. Rh4 Rh6 33. Re1 Rf8 34. Re7 Rc8 35. f5 Rf8 36. Rxc7 Rxf5 37. Rc8+ Kg7 38. Rc7+ Kf8 39. Rxa7 Ke8 40. Re4+ Kd8
41. Ree7 Rg6+ 42. Kf1 Rd5 43. Rh7 Rd1+ 44. Ke2 Kc8 45. Ra8#
1-0

[Event "kings & Sheffield"]
[Site "SchemingMind.com"]
[Date "2010.07.28"]
[Round "-"]
[White "Phillip Beckett"]
[Black "tom claxton"]
[Result "1-0"]
[WhiteCountry "ENG"]
[BlackCountry "ENG"]
[WhiteElo "1656"]
[WhiteRD "57"]
[BlackElo "1223"]
[BlackRD "125"]
[GameID "255824"]

1. e4 c5 2. Nf3 d5 3. exd5 Qxd5 4. Nc3 Qd7 5. d4 c4 6. Ne5 Qe6 7. Bxc4 Qg6 8. Nxg6 hxg6 9. Qf3 Nf6 10. Nd5 Be6
11. Nc7+ Kd8 12. Nxe6+ fxe6 13. Qxb7 Nfd7 14. Qxa8 e5 15. dxe5 e6 16. Bxe6 Bc5 17. Bxd7 Kxd7 18. Qb7+ Ke6 19. Qxg7 Rf8 20. Qxg6+ Kxe5
21. f4+ Kd4 22. c3+ Kc4 23. Qe6+ Kb5 24. a4+ Ka5 25. b4+ Bxb4 26. Qd5+ Ka6 27. Qc6+ Nxc6 28. cxb4 Re8+ 29. Kf2 Nxb4 30. Be3 Nc2
31. Rae1 Kb7 32. Re2 Rc8 33. Rc1 Nxe3 34. Rxc8 Ng4+ 35. Kg3 Kxc8 36. Kxg4 Kb7 37. Re6 a5 38. f5 Kc7 39. h4 Kd7 40. h5 Kd8
41. h6 Kd7 42. h7 Kc7 43. h8=Q Kd7 44. Qg7+ Kd8 45. Qf8+ Kd7 46. Qf7+ Kd8 47. Re8#
1-0

[Event "kings & Sheffield"]
[Site "SchemingMind.com"]
[Date "2010.07.28"]
[Round "-"]
[White "petros"]
[Black "tom claxton"]
[Result "1-0"]
[WhiteCountry "GBR"]
[BlackCountry "ENG"]
[WhiteElo "2320"]
[WhiteRD "70"]
[BlackElo "1223"]
[BlackRD "125"]
[GameID "255825"]

1. e4 e5 2. Nf3 d6 3. d4 Bg4 4. dxe5 dxe5 5. Qxd8+ Kxd8 6. Nxe5 Be6 7. Bc4 Bxc4 8. Nxc4 f6 9. Nc3 Nc6 10. Bf4 Bb4
11. O-O-O+ Ke8 12. Nb5 Rc8 13. Nxc7+ Kf7 14. Rd7+ Nge7 15. a3 Bc5 16. b4 Bxf2 17. Nd6+ Kg6 18. Nxc8 Rxc8 19. b5 Nd4 20. Rf1 Ne2+
21. Kd2 Nxf4 22. Rxf2 Nh5 23. Rxe7 b6 24. g4 Rd8+ 25. Ke3 Rd1 26. gxh5+ Kxh5 27. Rxg7 Re1+ 28. Kf4 h6 29. Rf3 Kh4 30. Rg4+ Kh5
31. Rh3#
1-0

[Event "kings & Sheffield"]
[Site "SchemingMind.com"]
[Date "2010.07.30"]
[Round "-"]
[White "yoponz"]
[Black "tom claxton"]
[Result "0-1"]
[WhiteCountry "ENG"]
[BlackCountry "ENG"]
[WhiteElo "1450"]
[WhiteRD "73"]
[BlackElo "1386"]
[BlackRD "68"]
[GameID "255826"]

1. e4 e5 2. Nf3 d6 3. d4 Bg4 4. Bc4 Nc6 5. d5 Nd4 6. Qd3 Nf6 7. Nxd4 exd4 8. Qxd4 Qe7 9. f3 Bd7 10. O-O b6
11. Re1 c6 12. Re3 c5 13. Qd3 O-O-O 14. f4 Ng4 15. Re2 g6 16. f5 Ne5 17. Bf4 Nxd3 18. Bxd3 Bg7 19. c3 Rhe8 20. h4 h6
21. fxg6 fxg6 22. g4 Qxh4 23. Bxd6 Bxg4 24. Ba6+ Kd7 25. Bb5+ Kxd6 26. Bxe8 Qg3+ 27. Rg2 Qe1+ 28. Kh2 Be5+ 29. Rg3= Qxg3+ 30. Kh1 Bf3#
0-1

[Event "kings & Sheffield"]
[Site "SchemingMind.com"]
[Date "2010.08.05"]
[Round "-"]
[White "Sam Williams"]
[Black "Phillip Beckett"]
[Result "0-1"]
[WhiteCountry "ENG"]
[BlackCountry "ENG"]
[WhiteElo "1118"]
[WhiteRD "108"]
[BlackElo "1693"]
[BlackRD "55"]
[GameID "256107"]

1. Nf3 Nf6 2. g3 g6 3. Bg2 Bg7 4. O-O d6 5. d4 O-O 6. Ng5 h6 7. h4 hxg5 8. hxg5 Nh7 9. f4 c6 10. Kf2 Qb6
11. e3 Nd7 12. Qg4 Ne5 13. Qh4 Ng4+ 14. Ke1 c5 15. Rh1 f5 16. Bd5+ e6 17. Qxh7+ Kf7 18. Bf3 Rh8 19. Qxh8 Bxh8 20. Rxh8 cxd4
21. b3 Nxe3 22. c3 Nc2+ 23. Kd1 Nxa1 24. Rh7+ Kg8 25. Rh1 d3 26. Bd2 Qf2 27. Re1 Qxf3+ 28. Kc1 Nc2 29. Rd1 a5 30. b4 axb4
31. Be1 Rxa2 32. g4 b3 33. c4 b2+ 34. Kd2 Qe2+ 35. Kc3 Ne3 36. Rd2 Nd1+ 37. Kb3 Qxe1 38. Kxa2 Nc3+ 39. Kxb2 Qxb1+ 40. Ka3 b5
41. Rb2 Qa1+ 42. Kb3 bxc4+ 43. Kxc3 Qxb2+ 44. Kxb2 e5 45. fxe5 dxe5 46. Kc3 e4 47. gxf5 Bxf5 48. Kd2 e3+ 49. Kxe3 c3 50. Kd4 c2
51. Kc3 c1=Q+ 52. Kd4 d2 53. Ke5 Qe1+ 54. Kf6 Qe6#
0-1

[Event "kings & Sheffield"]
[Site "SchemingMind.com"]
[Date "2010.08.05"]
[Round "-"]
[White "Sam Williams"]
[Black "petros"]
[Result "0-1"]
[WhiteCountry "ENG"]
[BlackCountry "GBR"]
[WhiteElo "1494"]
[WhiteRD "241"]
[BlackElo "2281"]
[BlackRD "70"]
[GameID "256108"]

1. Nf3 Nf6 2. g3 g6 3. Bg2 Bg7 4. O-O O-O 5. d4 d6 6. Bg5 Nbd7 7. c4 c5 8. dxc5 Nxc5 9. b4 Nce4 10. h4 Ng4
11. Nd4 Qb6 12. c5 dxc5 13. Bxe7 Nexf2 14. Qd2 Bxd4 15. Nc3 Ne4+ 16. Kh1 Nxg3#
0-1

[Event "kings & Sheffield"]
[Site "SchemingMind.com"]
[Date "2010.08.05"]
[Round "-"]
[White "Sam Williams"]
[Black "yoponz"]
[Result "0-1"]
[WhiteCountry "ENG"]
[BlackCountry "ENG"]
[WhiteElo "1118"]
[WhiteRD "108"]
[BlackElo "1450"]
[BlackRD "73"]
[GameID "256109"]

1. Nf3 d5 2. g3 Nc6 3. Bg2 e5 4. d4 e4 5. Ne5 Nxe5 6. dxe5 f5 7. exf6 gxf6 8. O-O f5 9. c4 dxc4 10. f3 Nf6
11. fxe4 fxe4 12. Qa4+ Bd7 13. Qxc4 Bf5 14. Qc2 b6 15. Rxf5 Bc5+ 16. Kf1 Qe7 17. Bg5 Rf8 18. g4 Rd8 19. Qa4+ Rd7 20. Qxa7 c6
21. Qb8+ Rd8 22. Qe5 Rd1#
0-1

[Event "kings & Sheffield"]
[Site "SchemingMind.com"]
[Date "2010.08.05"]
[Round "-"]
[White "Sam Williams"]
[Black "tom claxton"]
[Result "0-1"]
[WhiteCountry "ENG"]
[BlackCountry "ENG"]
[WhiteElo "1118"]
[WhiteRD "108"]
[BlackElo "1386"]
[BlackRD "68"]
[GameID "256110"]

1. Nf3 d5 2. g3 Nc6 3. e4 dxe4 4. Bg2 exf3 5. Bxf3 e5 6. O-O Nf6 7. d3 h6 8. c4 Bc5 9. Be3 Bxe3 10. fxe3 Bg4
11. Bxg4 Nxg4 12. Qxg4 Qxd3 13. Qf3 O-O 14. Rd1 Qxc4 15. Na3 e4 16. Nxc4 exf3 17. Rf1 b5 18. Nd2 Rad8 19. Nxf3 a5 20. Rad1 Rxd1
21. Rxd1 Re8 22. Kf2 Nd8 23. Rd5 c6 24. Rd6 a4 25. b3 axb3 26. axb3 Kh7 27. e4 g6 28. Ne5 Rxe5 29. Rxd8 Rxe4 30. Kf3 Rb4
31. Rd3 f5 32. h4 c5 33. Rc3 c4 34. Rxc4 bxc4 35. bxc4 Rxc4 36. g4 fxg4+ 37. Kg3 g5 38. h5 Kg7 39. Kg2 Rc3 40. Kg1 Rc2
41. Kf1 g3 42. Kg1 Kf6 43. Kf1 Kf5 44. Ke1 g2 45. Kd1 Ra2 46. Kc1 g1=Q#
0-1

[Event "kings & Sheffield"]
[Site "SchemingMind.com"]
[Date "2010.08.05"]
[Round "-"]
[White "Phillip Beckett"]
[Black "Sam Williams"]
[Result "1-0"]
[WhiteCountry "ENG"]
[BlackCountry "ENG"]
[WhiteElo "1693"]
[WhiteRD "55"]
[BlackElo "1118"]
[BlackRD "108"]
[GameID "256111"]

1. e4 e5 2. Nf3 Nc6 3. Bb5 a6 4. Bxc6 bxc6 5. O-O Bc5 6. c3 Nf6 7. d4 Bb6 8. dxe5 O-O 9. Bg5 h6 10. Bh4 g5
11. Bg3 Nxe4 12. Nbd2 d5 13. Nxe4 dxe4 14. Qxd8 Rxd8 15. Nd4 c5 16. Nb3 c4 17. Nd4 c5 18. Nc2 Rd2 19. Rac1 h5 20. Rfd1 Re2
21. Re1 Bg4 22. h3 Rxe1+ 23. Rxe1 Bf5 24. Ne3 Be6 25. Rd1 f6 26. exf6 Bd8 27. Be5 Bb6 28. Rd6 Re8 29. Rxb6 Rd8 30. Rxe6 Kf7
31. Re7+ Kg6 32. f7 g4 33. Re8 Rd7 34. f8=Q gxh3 35. Re6+ Kg5 36. Qf6#
1-0

[Event "kings & Sheffield"]
[Site "SchemingMind.com"]
[Date "2010.08.05"]
[Round "-"]
[White "petros"]
[Black "Sam Williams"]
[Result "1-0"]
[WhiteCountry "GBR"]
[BlackCountry "ENG"]
[WhiteElo "2274"]
[WhiteRD "76"]
[BlackElo "1118"]
[BlackRD "108"]
[GameID "256112"]

1. e4 e5 2. Nf3 Nc6 3. Bb5 a6 4. Ba4 b5 5. Bb3 Na5 6. O-O Nxb3 7. axb3 d6 8. d4 Bg4 9. dxe5 f6 10. exf6 Qxf6
11. Nbd2 Nh6 12. Qe2 Be7 13. Rxa6 Rxa6 14. Qxb5+ Rc6 15. Qxc6+ Bd7 16. Qa8+ Bd8 17. Nc4 d5 18. Bg5 Qc6 19. Qxd8+ Kf7 20. Nce5+ Ke6
21. Qxh8 Qxc2 22. Qxg7 Nf5 23. Qf6#
1-0

[Event "kings & Sheffield"]
[Site "SchemingMind.com"]
[Date "2010.08.05"]
[Round "-"]
[White "yoponz"]
[Black "Sam Williams"]
[Result "0-1"]
[WhiteCountry "ENG"]
[BlackCountry "ENG"]
[WhiteElo "1368"]
[WhiteRD "68"]
[BlackElo "1152"]
[BlackRD "107"]
[GameID "256113"]

1. e4 e5 2. Nf3 Nc6 3. Bb5 a6 4. Bxc6 bxc6 5. Nxe5 f6 6. Nc4 d5 7. exd5 Qe7+ 8. Qe2 Qxe2+ 9. Kxe2 cxd5 10. Ne3 Bd7
11. Nxd5 Bb5+ 12. Ke1 c6 13. Nc7+ Kd8 14. Nxa8 Bc5 15. Nc3 Ne7 16. Kd1 a5 17. a3 Bxf2 18. a4 Bc4 19. Ne4 Bd4 20. c3 Ba7
21. Rb1 Ba2 22. Ra1= Bb3+ 23. Ke1 Bd5 24. d3 c5 25. Nd6 Kd7 26. Bf4 Bxa8 27. Nb5 Bb6 28. d4 Ng6 29. dxc5 Re8+ 30. Kf1 Nxf4
31. cxb6 Bxg2+ 32. Kg1 Be4 33. Re1 Bxh1 34. Kxh1 Rxe1#
0-1

[Event "kings & Sheffield"]
[Site "SchemingMind.com"]
[Date "2010.08.05"]
[Round "-"]
[White "tom claxton"]
[Black "Sam Williams"]
[Result "0-1"]
[WhiteCountry "ENG"]
[BlackCountry "ENG"]
[WhiteElo "1380"]
[WhiteRD "94"]
[BlackElo "1494"]
[BlackRD "241"]
[GameID "256114"]

1. e4 e5 2. Nf3 Nc6 3. Nc3 Bc5 4. Nxe5 Nxe5 5. d4 Qe7 6. dxe5 Qxe5 7. Be3 Bb6 8. Bxb6 axb6 9. Qd5 Qe7 10. O-O-O c6
11. Qd2 Nf6 12. Be2 O-O 13. Rhe1 Re8 14. Bf3 b5 15. g3 b4 16. Na4 b5 17. Nb6 Ra6 18. Nxc8 Rxc8 19. e5 Rxa2 20. exf6 Ra1#
0-1

[Event "kings & Sheffield"]
[Site "SchemingMind.com"]
[Date "2010.07.31"]
[Round "-"]
[White "Will Grummitt"]
[Black "Phillip Beckett"]
[Result "0-1"]
[WhiteCountry "ENG"]
[BlackCountry "ENG"]
[WhiteElo "1763"]
[WhiteRD "77"]
[BlackElo "1656"]
[BlackRD "57"]
[GameID "256137"]

1. e4 c5 2. Nf3 d6 3. Nc3 g6 4. Bb5+ Bd7 5. Bxd7+ Nxd7 6. O-O Bg7 7. Re1 Ngf6 8. d3 O-O 9. Bf4 e5 10. Bg5 h6
11. Bh4 Kh7 12. Ne2 Qb6 13. b3 Ng8 14. Nc3 Ndf6 15. Nd2= Qa5 16. Ncb1 b5 17. c4 b4 18. Nf3= Nh5 19. Nfd2 Nf4 20. Nf1 f6
21. Ne3 Qc7 22. Bg3 Ne7 23. a4 f5 24. f3 Bf6 25. h4= a5 26. Qd2 Qd8 27. Kf2 Nh5 28. Nd5 Nxd5 29. cxd5 Qb6 30. Bh2 c4+
31. Qe3 Bxh4+ 32. Kg1 Qxe3+ 33. Rxe3 Bg5 34. Re1 cxb3 35. exf5 Rac8 36. g4 Rc2 37. gxh5 Rxf5 38. hxg6+ Kxg6 39. Kh1 Rxf3 40. Rg1 Rxd3
41. Rg2 Rd1+ 42. Rg1 Rxg1+ 43. Kxg1 Ra2 44. Rxa2 bxa2
0-1

[Event "kings & Sheffield"]
[Site "SchemingMind.com"]
[Date "2010.07.31"]
[Round "-"]
[White "Will Grummitt"]
[Black "petros"]
[Result "0-1"]
[WhiteCountry "ENG"]
[BlackCountry "GBR"]
[WhiteElo "1763"]
[WhiteRD "77"]
[BlackElo "2320"]
[BlackRD "70"]
[GameID "256138"]

1. e4 c5 2. c3 Nf6 3. e5 Nd5 4. d4 cxd4 5. cxd4 d6 6. Nf3 Nc6 7. Bb5 Qa5+ 8. Nc3 Nxc3 9. Bxc6+ bxc6 10. bxc3 Qxc3+
11. Bd2 Qd3 12. Qc1 Qe4+ 13. Be3 Ba6 14. Qa3 Bb5 15. O-O-O d5 16. Rhe1 e6 17. Qc3 a5 18. Bg5 Qf5 19. Bd2 Rb8 20. Qb2 Ba3
21. Qxa3 Ba4 22. Qb2 Kd7 23. Nh4 Rxb2 24. Nxf5 Rhb8 25. Bxa5 Rc2#
0-1

[Event "kings & Sheffield"]
[Site "SchemingMind.com"]
[Date "2010.07.31"]
[Round "-"]
[White "Will Grummitt"]
[Black "yoponz"]
[Result "1-0"]
[WhiteCountry "ENG"]
[BlackCountry "ENG"]
[WhiteElo "1717"]
[WhiteRD "62"]
[BlackElo "1426"]
[BlackRD "79"]
[GameID "256139"]

1. e4 e5 2. Nf3 Nc6 3. Bb5 Bc5 4. Bxc6 bxc6 5. Nxe5 Qe7 6. d4 Nf6 7. Bg5 h6 8. Bxf6 gxf6 9. dxc5 Qxe5 10. Nc3 Qxc5
11. O-O O-O 12. Qg4+ Kh8 13. Qf4 d5 14. Qxf6+ Kg8 15. Qxh6 dxe4 16. Nxe4 Qxc2 17. Nf6#
1-0

[Event "kings & Sheffield"]
[Site "SchemingMind.com"]
[Date "2010.08.01"]
[Round "-"]
[White "Will Grummitt"]
[Black "tom claxton"]
[Result "1-0"]
[WhiteCountry "ENG"]
[BlackCountry "ENG"]
[WhiteElo "1763"]
[WhiteRD "77"]
[BlackElo "1223"]
[BlackRD "125"]
[GameID "256140"]

1. e4 e6 2. d4 d5 3. e5 Nc6 4. Nf3 g6 5. Bb5 Bd7 6. O-O Bb4 7. c3 a6 8. Bxc6 Bxc6 9. cxb4 Bb5 10. Re1 Ne7
11. Nc3 c6 12. Nxb5 axb5 13. Bg5 O-O 14. Nd2 Qc7 15. Bxe7 Qxe7 16. Nb3 Qxb4 17. a3 Qe7 18. Nc5 b6 19. Nd3 b4 20. Nxb4 c5
21. dxc5 bxc5 22. Nd3 c4 23. Nf4 Rab8 24. Re2 Rb3 25. a4 Qd7 26. a5 f5 27. a6 Ra8 28. Qd4 g5 29. Nh5 f4 30. Nf6+ Kg7
31. Nxd7 Rd3 32. Qb6 f3 33. Re3 Rxe3 34. fxe3 fxg2 35. Kxg2 h5 36. a7 Kg6 37. Qb7 Rxa7 38. Rxa7 g4 39. Nf6 Kg5 40. Qg7+ Kh4
41. Qh6 d4 42. Qxh5#
1-0

[Event "kings & Sheffield"]
[Site "SchemingMind.com"]
[Date "2010.08.05"]
[Round "-"]
[White "Will Grummitt"]
[Black "Sam Williams"]
[Result "1-0"]
[WhiteCountry "ENG"]
[BlackCountry "ENG"]
[WhiteElo "1717"]
[WhiteRD "62"]
[BlackElo "1494"]
[BlackRD "241"]
[GameID "256141"]

1. e4 e5 2. Nf3 Nc6 3. Bb5 a6 4. Bxc6 dxc6 5. O-O c5 6. d3 Bg4 7. h3 Bxf3 8. Qxf3 c4 9. dxc4 Bd6 10. Nc3 Bb4
11. Bd2 Qxd2 12. Qd3 Qf4 13. Nd5 Qg5 14. Nxc7+ Kf8 15. Nxa8 b5 16. cxb5 axb5 17. a3 Bc5 18. Rad1 h6 19. Qd8+ Qxd8 20. Rxd8+ Ke7
21. Rfd1 b4 22. R1d7+ Ke6 23. Nc7+ Kf6 24. Nd5+ Kg6 25. Rc8 Bd4 26. Rc6+ Kh7 27. Rxf7 Bxb2 28. Rcc7 Bxa3 29. Rxg7#
1-0

[Event "kings & Sheffield"]
[Site "SchemingMind.com"]
[Date "2010.07.31"]
[Round "-"]
[White "Phillip Beckett"]
[Black "Will Grummitt"]
[Result "1-0"]
[WhiteCountry "ENG"]
[BlackCountry "ENG"]
[WhiteElo "1656"]
[WhiteRD "57"]
[BlackElo "1763"]
[BlackRD "77"]
[GameID "256142"]

1. e4 e6 2. d4 d5 3. Nd2 Nc6 4. c3 dxe4 5. Nxe4 Nf6 6. Bg5 Be7 7. Nxf6+ Bxf6 8. Bxf6 Qxf6 9. Nf3 O-O 10. Bd3 e5
11. dxe5 Nxe5 12. Nxe5 Qxe5+ 13. Qe2 Qxe2+ 14. Kxe2 Be6 15. Rhe1 Rfe8 16. Kd2 Rad8 17. b3 Kf8 18. c4 Bf5 19. Rxe8+ Kxe8 20. Re1+ Kf8
21. Re3 Bxd3 22. Rxd3 Rxd3+ 23. Kxd3 Ke7 24. Ke4 Ke6 25. c5 f5+ 26. Kd4 c6 27. h4 b5 28. cxb6 axb6 29. b4 b5 30. Kc5 Kd7
31. h5 Kc7 32. f4 g6 33. h6 Kd7 34. Kb6 Kd6 35. a3 Kd7 36. Kb7 Kd6= 37. Kc8 Kd5 38. Kd7 c5 39. bxc5 Kxc5 40. Ke8 Kc4
41. Kf7 Kb3 42. Kg7 Kxa3 43. Kxh7 b4 44. Kxg6 b3 45. h7 b2 46. h8=Q b1=Q 47. Qa8+ Kb2 48. Qb7+ Kc2 49. Qxb1+ Kxb1 50. Kxf5 Kc2
51. g4 Kd3 52. g5
1-0

[Event "kings & Sheffield"]
[Site "SchemingMind.com"]
[Date "2010.08.01"]
[Round "-"]
[White "petros"]
[Black "Will Grummitt"]
[Result "1-0"]
[WhiteCountry "GBR"]
[BlackCountry "ENG"]
[WhiteElo "2320"]
[WhiteRD "70"]
[BlackElo "1763"]
[BlackRD "77"]
[GameID "256143"]

1. e4 e6 2. d4 d5 3. Nc3 Nc6 4. e5 f6 5. Nf3 fxe5 6. dxe5 Nge7 7. Bd3 g6 8. Bg5 Bg7 9. Qe2 O-O 10. O-O-O h6
11. Be3 Nxe5 12. Nxe5 Bxe5 13. Bxh6 Bf4+ 14. Bxf4 Rxf4 15. g3 Rf6 16. h4 Qf8 17. f4 Nf5 18. Rdg1 Nd4 19. Qd1 b6 20. h5 gxh5
21. Qxh5 Qg7 22. Rh4 Nf5 23. Rg4 Bb7 24. Rxg7+ Kxg7 25. Qg5+ Kf7 26. Rh1 Rg8 27. Rh7+ Rg7 28. Bxf5 Rxf5 29. Rxg7+ Ke8 30. Qe7#
1-0

[Event "kings & Sheffield"]
[Site "SchemingMind.com"]
[Date "2010.08.01"]
[Round "-"]
[White "yoponz"]
[Black "Will Grummitt"]
[Result "0-1"]
[WhiteCountry "ENG"]
[BlackCountry "ENG"]
[WhiteElo "1426"]
[WhiteRD "79"]
[BlackElo "1717"]
[BlackRD "62"]
[GameID "256144"]

1. e4 e6 2. Nc3 d5 3. d4 Nf6 4. e5 Nfd7 5. Nf3 c5 6. Be3 cxd4 7. Bxd4 Nc6 8. Bb5 Nxd4 9. Nxd4 a6 10. Bxd7+ Bxd7
11. O-O Qb6 12. Re1 Bc5 13. Na4 Bxa4 14. b3 Bxd4 15. bxa4 Bxf2+ 16. Kh1 Bxe1 17. Qxe1 O-O 18. Rb1 Qc7 19. g4 Rab8 20. Rc1 Rfc8
21. c3 d4 22. c4 Rd8 23. Qd1 Qxe5
0-1